| 000 | 02087cam a2200253 i 4500 | ||
|---|---|---|---|
| 999 |
_c14050 _d14050 |
||
| 003 | OSt | ||
| 005 | 20260416130758.0 | ||
| 008 | 120124s2012 nyua b 001 0 eng | ||
| 020 |
_a9781847885760 _qpaper |
||
| 042 | _apcc | ||
| 082 | 0 | 0 |
_a745.4 _223 |
| 245 | 0 | 0 |
_aDesign and designing : _ba critical introduction / _cedited by Steve Garner and Chris Evans. |
| 260 |
_aNew York : _bBerg Publishers, _c2012. |
||
| 300 |
_axxiv, 483 pages : _billustrations ; _c24 cm |
||
| 504 | _aIncludes bibliographical references (pages 461-472) and index. | ||
| 520 | _a"Design and Designing will provide the reader with a very broad and critical understanding of what is an essentially practical subject. Designing today is less a craft and more a part of the knowledge economy. It's all about knowing how to acquire knowledge and how to creatively apply it. Design and Designing covers the design process, modeling and drawing, working with clients, production and consumption, sustainability, professional practice and design futures. Chapters are written by expert teachers and practitioners from around the globe, each aiming to present an accessible and engaging overview of their part of Design. Chapters are illustrated with a wide range of images and information boxes, which extend or highlight key material. Each section concludes with a Design Project, a hands-on activity for the reader.Design and Designing covers the full range of the subject from graphic communication, to product design, to fashion and games design, setting all in their aesthetic, ethical and social contexts. The aim is for the reader to learn from today's best practice and best thinking, to develop a critical sense, to become the designers of tomorrow"-- | ||
| 650 | 0 | _aDesign. | |
| 650 | 7 |
_aDESIGN / Graphic Arts / General. _2bisacsh |
|
| 650 | 7 |
_aDESIGN / Product. _2bisacsh |
|
| 650 | 7 |
_aARCHITECTURE / Design, Drafting, Drawing & Presentation. _2bisacsh |
|
| 700 | 1 |
_aGarner, Steven W. _q(Steven William), _eeditor of compilation. |
|
| 700 | 1 |
_aEvans, Chris, _d1947- _eeditor of compilation. |
|
| 942 | _2ddc | ||